Last great revolution : turnmoill and transformation in Iran

Saved in:
Bibliographic Details
Main Author: Wright
Format: Book
Published: Vintage
Tags: Add Tag
No Tags, Be the first to tag this record!
Call Number :

MARC

LEADER 00000pam a2200000 4500
001 22033
003 MY-KLNDU
005 20241218080840.0
020 0 0 |a 9780375706301 
035 |a 0000036710 
039 9 |y 200910091715  |z VLOAD 
100 0 0 |a Wright 
245 0 0 |a Last great revolution : turnmoill and transformation in Iran 
260 0 0 |a Vintage 
999 |a vtls000031885  |c 22033  |d 22033